[Event "WEM-IMT 2018"]
[Site "Illertissen"]
[Date "2018.08.30"]
[Round "6"]
[White "Fischer, Sebastian"]
[Black "Kvetny, Mark"]
[Result "1/2-1/2"]
[WhiteElo "2292"]
[BlackElo "2421"]
[Annotator "TA"]
[PlyCount "59"]
[EventDate "2018.08.25"]
[EventType "tourn"]
[EventCountry "GER"]
[SourceTitle "playchess.com"]
[Source "ChessBase"]
[SourceQuality "1"]

{[%evp 11,59,23,40,2,2,8,19,12,20,22,16,8,160,26,75,75,72,73,60,62,110,111,116,116,116,117,114,32,59,6,10,7,8,13,13,14,14,8,32,32,36,35,54,27,27,27,38,28,37,20]} 1. d4 Nf6 2. Nf3 c5 3. d5 d6 4. Nc3 e6 5. e4 exd5 6. Nxd5 Be7 {LiveBook: 9 Games. A43: Schmid Benoni} (6... Nxd5 7. Qxd5 Be7 8. Bc4 O-O 9. O-O Nc6 10. c3 Na5 11. Bd3 g6 12. Bc2 Be6 13. Qd2 f6 14. Rd1 Qc7 15. Qf4 b5 16. Qg3 Nc4 17. Bb3 Qc6 {1-0 (35) Torre,E (2423)-Bitoon,R (2423) Manila 2014}) 7. Nxf6+ (7. Bb5+ {seems wilder.} Bd7 8. Bc4 Nxd5 9. Bxd5 Nc6 10. O-O) 7... Bxf6 8. Bc4 O-O {The position is equal.} 9. O-O Nc6 10. c3 $146 ({Predecessor:} 10. h3 Be6 11. Bd5 Qe7 12. c3 Rac8 13. Bf4 Ne5 14. Bxe5 Bxe5 {1-0 (41) Luconi,C (2115)-Gatti,J Mendoza 2002}) 10... Be6 11. Qd3 g5 $2 ({Black should play} 11... Re8 $11) 12. h3 (12. Bxe6 $1 $16 fxe6 13. Nxg5 $1 {[%mdl 512]}) 12... Ne5 13. Nxe5 Bxe5 14. f4 gxf4 15. Bxf4 Bxc4 16. Qxc4 Qf6 17. Bxe5 Qxe5 {[#]} 18. Rf5 $1 {[%cal Rf5e5]} Qe6 19. Qd5 ({Better is} 19. Qd3 $16) 19... Rae8 20. Rd1 ({White should try} 20. Qd2 $14) 20... Qxe4 $11 21. Qxe4 Rxe4 22. Rxd6 {[%mdl 4096] Endgame With the idea Rd7. KRR-KRR} Re2 23. Rf2 Rfe8 24. Rd7 R2e7 25. Rfd2 b6 26. Kf2 f6 27. a4 Kf7 28. Rxe7+ Rxe7 29. Kf3 Kg6 30. g4 {Precision: White = 45%, Black = 46%.} 1/2-1/2

[Event "WEM-IMT 2018"]
[Site "Illertissen"]
[Date "2018.08.31"]
[Round "7"]
[White "Pikula, Dejan"]
[Black "Krassowizkij, Jaroslaw"]
[Result "1/2-1/2"]
[WhiteElo "2466"]
[BlackElo "2439"]
[Annotator "TA"]
[PlyCount "36"]
[EventDate "2018.08.25"]
[EventType "tourn"]
[EventCountry "GER"]
[SourceTitle "playchess.com"]
[Source "ChessBase"]
[SourceQuality "1"]

{[%evp 25,36,14,6,4,4,2,5,0,0,0,21,0,0]} 1. e4 e6 2. d4 d5 3. exd5 exd5 4. c4 dxc4 5. Bxc4 Bd6 6. Nf3 Nf6 7. O-O O-O 8. Nc3 Nc6 9. Bg5 h6 {D20: Queen's Gambit Accepted: 3 e3 and 3 e4} 10. Bh4 Bg4 11. h3 Bxf3 12. Qxf3 Nxd4 13. Qxb7 Rb8 {LiveBook: 5 Games. The position is equal.} 14. Qxa7 {With the idea Nd5.} Ra8 15. Qb7 {[#]} ({Don't blunder} 15. Qxd4 $2 Bh2+ 16. Kxh2 Qxd4 $19) 15... Rb8 $146 16. Qa7 Ra8 $1 {[%cal Ra8a7]} 17. Qb7 $1 ({Don't go for} 17. Qxd4 $2 Bh2+ 18. Kxh2 Qxd4 $19) 17... Rb8 18. Qa7 Ra8 1/2-1/2

[Event "WEM-IMT 2018"]
[Site "Illertissen"]
[Date "2018.08.31"]
[Round "7"]
[White "Ochsner, Bjorn Moller"]
[Black "Fischer, Sebastian"]
[Result "1-0"]
[WhiteElo "2462"]
[BlackElo "2292"]
[Annotator "TA"]
[PlyCount "73"]
[EventDate "2018.08.25"]
[EventType "tourn"]
[EventCountry "GER"]
[SourceTitle "playchess.com"]
[Source "ChessBase"]
[SourceQuality "1"]

{[%evp 16,73,29,34,31,35,25,22,51,34,47,21,39,24,40,-3,-10,-9,33,0,0,0,0,-12,0,-31,0,-16,8,0,8,8,8,8,8,2,4,9,14,0,0,0,0,0,0,3,8,15,13,7,449,449,450,453,419,439,419,412,372,378]} 1. e4 d5 2. exd5 Qxd5 3. Nc3 Qa5 4. d4 Nf6 5. Nf3 {[%cal Bg1f3,Bf3e5,Be5c4][%mdl 32]} Bf5 6. Bd2 e6 {B01: Scandinavian Defence} 7. Ne5 (7. Bc4 Bb4 8. a3 Bxc3 9. Bxc3 Qb6 10. Nh4 Be4 11. Qe2 Nc6 12. O-O-O O-O-O 13. Qe3 h6 14. Rhe1 {½-½ (36) Adams,M (2742)-Laznicka,V (2676) Baku 2015}) 7... Qb6 8. Qf3 c6 9. O-O-O $1 {[#] LiveBook: 3 Games. aiming for g4.} Nbd7 10. Nc4 Qd8 11. h3 b5 {[%cal Bb7b5,Bb5b4][%mdl 32]} 12. g4 $146 ({Predecessor:} 12. Ne3 b4 13. Nxf5 bxc3 14. Bxc3 exf5 15. Qxc6 {0-1 (39) Gevorgyan,M (2226)-Arakhamia Grant,K (2347) Stary Smokovec 2018}) 12... Bg6 13. Ne5 b4 $1 {[%cal Rb4c3]} 14. Nxg6 ({Of course not} 14. Nxc6 Qc8 $17) 14... hxg6 15. Na4 Nd5 16. Kb1 Qa5 17. Qb3 (17. b3 {is interesting.} Qd8 18. Bg2 a5 19. Qd3 N7b6 20. Nc5) 17... N7b6 18. Nxb6 Qxb6 19. Bg2 Be7 20. Qc4 Kd7 21. Rhe1 a5 22. f4 Qb5 23. Qxb5 cxb5 24. f5 gxf5 25. gxf5 Bf6 26. fxe6+ fxe6 27. Bf3 Rxh3 28. Bg4 Rh4 29. Re4 Rah8 30. Bxe6+ Kd6 $132 {[%mdl 2048] Black is not keeping still} 31. Bg4 $1 Rh1 32. Be1 {Black must now prevent Re6+.} Bh4 $2 {[%mdl 8192] [#]} (32... Kc7 $1 $11) 33. Bxb4+ $1 $18 {[%mdl 512]} axb4 34. Re6+ Kc7 35. Rxh1 g5 36. Re5 Nf6 37. Rxg5 {Precision: White = 68%, Black = 62%.} 1-0

[Event "WEM-IMT 2018"]
[Site "Illertissen"]
[Date "2018.08.31"]
[Round "7"]
[White "Kvetny, Mark"]
[Black "Kabisch, Thilo"]
[Result "1-0"]
[WhiteElo "2421"]
[BlackElo "2314"]
[Annotator "TA"]
[PlyCount "121"]
[EventDate "2018.08.25"]
[EventType "tourn"]
[EventCountry "GER"]
[SourceTitle "playchess.com"]
[Source "ChessBase"]
[SourceQuality "1"]

{[%evp 17,121,33,50,43,64,23,38,42,49,46,44,36,81,81,77,77,70,46,44,39,45,45,66,35,59,47,122,129,128,122,103,-12,134,114,110,112,86,97,88,96,191,193,182,158,155,159,229,221,220,204,215,214,177,125,289,277,265,257,680,700,684,677,697,660,670,646,623,597,572,545,504,446,720,700,709,699,1821,1795,1642,1635,2100,2130,2195,1920,1651,1426,3981,2734,29947,5102,29980,29981,29981,29982,29982,29983,29983,29984,29984,29985,29985,29986,29986,29984,29984,29985]} 1. d4 Nf6 2. c4 g6 3. Nc3 Bg7 4. e4 d6 5. h3 O-O 6. Be3 e5 7. d5 Na6 8. g4 {E71: Königsindisch (5.h3)} Nc5 9. f3 Ne8 {LiveBook: 3 Partien} (9... h5 10. Qd2 Nh7 11. O-O-O h4 12. Bd3 Nxd3+ 13. Qxd3 f5 14. Rh2 Kh8 15. Rg2 Bd7 16. exf5 gxf5 {½-½ (69) Caruana,F (2811)-Jones,G (2640) Wijk aan Zee 2018}) 10. Qd2 {Weiß steht etwas besser.} f5 11. b4 $146 ({Vorgänger:} 11. exf5 gxf5 12. O-O-O a6 13. Kb1 Rb8 14. Qc2 Qe7 15. Rh2 e4 16. fxe4 fxg4 17. hxg4 {1-0 (37) Parligras,M (2603)-Demchenko,A (2645) Konya 2017}) 11... Na6 12. a3 c5 13. Rb1 b6 14. Bd3 Bf6 15. exf5 Bh4+ 16. Kd1 gxf5 17. Nge2 f4 18. Bg1 Bd7 19. Ne4 Nf6 $1 20. N2c3 Nxe4 21. Nxe4 Ba4+ {[#]} ({Besser ist} 21... Be8 $14) 22. Ke2 $1 $16 Be8 23. Bf2 Bxf2 24. Nxf2 (24. Kxf2 $16 Bg6 25. Kg2) 24... Qh4 (24... cxb4 $1 $11 {hält das Gleichgewicht.} 25. axb4 b5) 25. Bf5 Rd8 26. Ne4 Kh8 27. b5 Nc7 28. a4 {[%cal Ba3a4,Ba4a5][%mdl 32]} Bg6 (28... Bd7 $16) 29. Bxg6 $18 hxg6 30. a5 Ne8 31. Qe1 $36 {[%mdl 2048] Schwarz muss aufpassen.} Qxe1+ (31... Qe7 $16 {ist eine bessere Verteidigung.} 32. Ra1 bxa5) 32. Rbxe1 Nf6 33. Nxf6 Rxf6 34. axb6 axb6 {[%mdl 4096] Endspiel KTT-KTT} 35. Kd3 (35. Ra1 $18) 35... Ra8 $2 (35... Rf7 $16 {war nötig.}) 36. Ra1 Rff8 37. Ra6 Rxa6 $2 (37... Kg7 38. Rha1 (38. Rxb6 Ra3+ 39. Kc2 Rfa8 $11) 38... Rad8 39. Rxb6 Rh8) 38. bxa6 {KT-KT} Ra8 39. Ra1 Ra7 40. g5 Kg7 41. h4 Kf7 42. Ke2 Ke7 43. Kf2 Kd8 44. Kg2 Kc8 {[#]} (44... b5 $142 45. h5 (45. cxb5 Kc7 $16) 45... gxh5) 45. h5 $1 {[%mdl 512]} gxh5 46. Kh3 Kb8 47. Kh4 e4 48. fxe4 f3 49. g6 Re7 50. Rf1 Ka7 51. Rxf3 {Droht stark Tf7.} Rxe4+ 52. Kxh5 Re5+ 53. Kh6 Kxa6 54. g7 {Weiß setzt Matt.} Re1 55. Ra3+ Kb7 56. Rg3 Re8 57. g8=R Rxg8 58. Rxg8 b5 59. cxb5 Kb6 60. Rb8+ Kc7 61. Ra8 {Precision: Weiß = 82%, Schwarz = 41%.} 1-0

[Event "WEM-IMT 2018"]
[Site "Illertissen"]
[Date "2018.08.31"]
[Round "7"]
[White "Sinz, Bernhard"]
[Black "Haba, Petr"]
[Result "1/2-1/2"]
[WhiteElo "2377"]
[BlackElo "2436"]
[Annotator "TA"]
[PlyCount "65"]
[EventDate "2018.08.25"]
[EventType "tourn"]
[EventCountry "GER"]
[SourceTitle "playchess.com"]
[Source "ChessBase"]
[SourceQuality "1"]

{[%evp 19,65,0,0,0,0,0,19,19,16,15,18,23,9,0,0,0,0,0,3,0,25,0,0,-12,0,0,0,0,0,0,0,0,0,0,8,8,14,0,0,0,0,0,0,0,0,0,0,0]} 1. e4 e5 2. Nf3 Nc6 3. d4 exd4 4. Nxd4 Bc5 5. Nxc6 Qf6 6. Qf3 bxc6 7. Nd2 {C45: Schottische Partie} (7. Nc3 d6 8. Qg3 h5 9. h4 Bd4 10. Bg5 Qe5 11. Qxe5+ Bxe5 12. O-O-O Bxc3 13. bxc3 Be6 14. Rd4 f6 {½-½ (71) Nepomniachtchi,I (2751)-Le,Q (2739) Saint Louis 2017}) 7... d6 8. Nb3 Qxf3 9. gxf3 Bb6 10. a4 a5 {LiveBook: 5 Partien} 11. Rg1 g6 12. Be3 Ne7 13. O-O-O Bxe3+ 14. fxe3 Be6 {[#]} 15. Nd4 $146 Bd7 16. h4 c5 17. Nb5 O-O-O 18. h5 f5 19. Bd3 Rdf8 20. hxg6 hxg6 {Die Stellung ist ausgeglichen.} 21. f4 Rh3 {Droht stark ...fxe4.} 22. Rde1 Rfh8 23. exf5 gxf5 24. Rg7 R8h7 25. Rxh7 Rxh7 26. b3 Bxb5 27. axb5 $11 {[%mdl 4096] Endspiel KTL-KTS} Kd7 28. e4 fxe4 29. Rxe4 Rf7 30. Ra4 d5 31. f5 Nxf5 32. Bxf5+ Rxf5 33. Rxa5 {Precision: Weiß = 61%, Schwarz = 65%.} 1/2-1/2

[Event "WEM-IMT 2018"]
[Site "Illertissen"]
[Date "2018.08.31"]
[Round "7"]
[White "Hirneise, Jens"]
[Black "Baburin, Alexander"]
[Result "1-0"]
[WhiteElo "2344"]
[BlackElo "2458"]
[Annotator "TA"]
[PlyCount "81"]
[EventDate "2018.08.25"]
[EventType "tourn"]
[EventCountry "GER"]
[SourceTitle "playchess.com"]
[Source "ChessBase"]
[SourceQuality "1"]

{[%evp 21,81,37,41,43,48,36,47,23,40,22,37,0,0,0,0,0,0,0,0,0,0,0,0,0,0,0,9,-11,-29,-42,-27,-26,-38,-68,0,0,0,-65,0,-4,-7,-45,0,0,0,0,0,0,269,0,21,-186,-178,-181,-154,-177,657,948,943,927,909,894]} 1. e4 {[%cal Be2e4,Be4e5][%mdl 32]} Nf6 2. e5 Nd5 3. d4 d6 4. c4 Nb6 5. exd6 cxd6 6. Nc3 g6 7. Be3 Bg7 8. Rc1 O-O 9. b3 Bf5 10. h3 {B03: Alekhine's Defence: Four Pawns Attack} d5 11. c5 Nc8 {LiveBook: 4 Games} 12. g4 {White is slightly better.} Bd7 13. Bg2 e6 14. Nf3 Nc6 15. O-O b6 16. Qd2 bxc5 17. dxc5 N8e7 $146 ({Predecessor:} 17... Qa5) 18. Bh6 Bxh6 19. Qxh6 {White threatens Ng5 and mate.} f6 {[%cal Bf7f6,Bf6f5][%mdl 32]} 20. Qd2 Rb8 21. Ne1 f5 22. f4 d4 23. Ne2 e5 {[%cal Be6e5,Be5e4][%mdl 32]} 24. g5 {And now fxe5 would win.} e4 $1 {Hoping for ...Be6.} 25. Nxd4 Nxd4 26. Qxd4 Bb5 27. Qa1 Nc6 (27... Bxf1 $6 28. Bxf1 Kf7 29. Bc4+ Ke8 30. Qe5 $14) (27... Qc7 $15 28. Rf2 Nd5) 28. Nc2 $11 Qe7 29. Ne3 (29. Rfd1 $11) 29... Bxf1 (29... Rfd8 $15 30. Rfd1 Rxd1+ 31. Rxd1 (31. Nxd1 Rd8 $17) 31... Qxc5) 30. Nd5 $1 $132 {[%cal Rd5e7][%mdl 2048] White has counterplay} Qg7 31. Nf6+ $1 Rxf6 32. gxf6 Qh6 33. Rxf1 {aiming for Qc3.} Rd8 34. b4 {Threatening b5.} Nxb4 $2 {[%mdl 8192]} (34... Kf7 $11 {and Black is okay.}) 35. Rb1 $2 ({White has to play} 35. Qc3 $1 $18) 35... Qf8 ({Don't play} 35... Qxf4 $6 36. Rxb4 Rd2 37. Qf1 $16) 36. Qe5 $2 (36. f7+ $11 Kxf7 37. Qe5) 36... Nd3 $19 37. Qe6+ Qf7 $1 {[%cal Rf7e6]} 38. Qc6 {White wants to play Rb7.} Rf8 $4 {[%mdl 8192] [#]} ({But not} 38... Qxa2 $2 39. Qc7 $1 $18 {[%mdl 512]}) (38... Qd5 $19 39. Qxd5+ Rxd5) 39. Rb7 $1 $18 {[%cal Rb7f7] White is clearly winning.} Qxf6 {[#]} 40. Qd5+ $1 Kh8 41. Qd7 {Precision: White = 53%, Black = 72%.} 1-0

[Event "WEM-IMT 2018"]
[Site "Illertissen"]
[Date "2018.09.01"]
[Round "8"]
[White "Baburin, Alexander"]
[Black "Fischer, Sebastian"]
[Result "1/2-1/2"]
[WhiteElo "2458"]
[BlackElo "2292"]
[Annotator "TA"]
[PlyCount "60"]
[EventDate "2018.08.25"]
[EventType "tourn"]
[EventCountry "GER"]
[SourceTitle "playchess.com"]
[Source "ChessBase"]
[SourceQuality "1"]

{[%evp 22,60,20,16,16,0,26,27,26,20,27,20,60,18,68,10,19,20,8,0,0,-20,-3,-20,19,25,25,0,0,0,0,0,0,0,0,0,21,27,23,0,22]} 1. d4 f5 2. g3 Nf6 3. Bg2 g6 4. Nf3 Bg7 5. O-O O-O 6. c4 d6 7. Nc3 Nc6 8. d5 Na5 9. Nd2 c5 10. Rb1 e5 11. dxe6 Bxe6 12. Nd5 {LiveBook: 9 Games. A89: Dutch Defence: Leningrad System: 5 Nf3 0-0 6 0-0 d6 7 Nc3 Nc6} (12. b3 d5 13. cxd5 Nxd5 14. Nxd5 Bxd5 15. Ba3 Bxg2 16. Kxg2 Nc6 17. Nf3 {½-½ (17) Aronian,L (2805)-Nakamura,H (2751) Wijk aan Zee 2011}) 12... Nc6 13. a3 a5 $146 ({Predecessor:} 13... Qd7 14. Nf3 Ne4 15. Ng5 Nxg5 16. Bxg5 h6 17. Bd2 Rab8 18. e3 Ne5 19. Qc2 Kh7 {0-1 (80) Kahn,E (2293)-Kun,G (2336) Budapest 2005}) 14. b3 {White has an edge.} Bf7 15. Bb2 Nxd5 16. cxd5 Ne5 17. a4 Rb8 18. Nc4 (18. e4 $14) 18... b5 $11 19. axb5 Rxb5 20. Bxe5 Bxe5 21. e4 Bd4 22. exf5 Qf6 23. Qd3 Rfb8 24. Be4 gxf5 25. Bxf5 Bxd5 26. Ne3 Bf7 {[%cal Rb5b3]} 27. Bxh7+ Kh8 {[%cal Rb5b3]} 28. Be4 Rxb3 29. Rxb3 Bxb3 30. Qa6 Bg8 {Precision: White = 37%, Black = 59%.} 1/2-1/2

[Event "WEM-IMT 2018"]
[Site "Illertissen"]
[Date "2018.09.01"]
[Round "8"]
[White "Krassowizkij, Jaroslaw"]
[Black "Sinz, Bernhard"]
[Result "1-0"]
[WhiteElo "2439"]
[BlackElo "2377"]
[Annotator "TA"]
[PlyCount "82"]
[EventDate "2018.08.25"]
[EventType "tourn"]
[EventCountry "GER"]
[SourceTitle "playchess.com"]
[Source "ChessBase"]
[SourceQuality "1"]

{[%evp 45,82,71,75,77,75,79,69,76,76,85,59,17,23,0,295,252,451,414,407,333,308,331,341,145,327,327,737,400,359,355,658,647,12828,12827,12791,5665,3786,3328,12839]} 1. d4 {Iotov,V} d5 2. c4 e6 3. Nc3 c6 4. Nf3 Nf6 5. Bg5 dxc4 6. e4 {[%cal Be2e4,Be4e5][%mdl 32]} b5 7. e5 h6 8. Bh4 g5 9. Nxg5 hxg5 10. Bxg5 Nbd7 11. g3 Qb6 12. exf6 Bb7 13. Bg2 O-O-O 14. O-O c5 15. d5 b4 16. Na4 Qb5 17. a3 Nb8 18. axb4 cxb4 19. Qg4 Bxd5 {D44: Semi-Slav: Botvinnik System} 20. Bxd5 Rxd5 21. Rfc1 Nc6 22. Rxc4 Rxg5 23. Qd4 Kb8 {[#] LiveBook: 19 Games} 24. Rxc6 $1 {[%mdl 512]} Rxg3+ (24... Qxc6 25. Qf4+) 25. fxg3 {Intending Qd8+ and mate.} Qxc6 26. Rd1 $1 Qc7 27. b3 Kc8 28. Qe4 Kb8 {[#]} 29. Nb2 $146 Qc3 $2 {[%mdl 8192]} (29... Bd6 $11) 30. Rd7 $1 $18 {[%csl Gd7][%cal Re4b7]} Qc1+ $2 (30... Qc5+ 31. Kg2 Qb5 32. Rxf7 Rxh2+ 33. Kxh2 Qh5+ 34. Kg2 Qxf7) 31. Nd1 {[%csl Gd7][%cal Re4b7]} Qc5+ 32. Ne3 {[%csl Gd7][%cal Re4b7]} Qb6 33. Kh1 $1 ({Not} 33. Rxf7 Bc5 $14) 33... Qb5 34. Rd8+ $40 {[%mdl 128] White goes for the king.} Kc7 {[#]} 35. Qa8 $1 {[%csl LRa7,LRf8][%cal Ra8c8] White wants to mate with Qc8+.} Qc6+ $2 (35... Qb7+ 36. Nd5+ exd5) 36. Qxc6+ Kxc6 {KRB-KRN} 37. Nc4 Kc5 $2 (37... Kc7 38. Ra8 Kb7) 38. Ne5 {White is clearly winning.} Bg7 39. Nd7+ Kc6 40. fxg7 Rxd8 {[#]} 41. Nf8 $1 Kd5 {Precision: White = 79%, Black = 43%.} 1-0

[Event "WEM-IMT 2018"]
[Site "Illertissen"]
[Date "2018.09.01"]
[Round "8"]
[White "Haba, Petr"]
[Black "Kvetny, Mark"]
[Result "1/2-1/2"]
[WhiteElo "2436"]
[BlackElo "2421"]
[Annotator "TA"]
[PlyCount "65"]
[EventDate "2018.08.25"]
[EventType "tourn"]
[EventCountry "GER"]
[SourceTitle "playchess.com"]
[Source "ChessBase"]
[SourceQuality "1"]

{[%evp 18,65,19,0,29,28,39,-37,70,73,72,11,8,12,27,0,0,0,10,10,16,15,14,10,8,8,23,0,31,0,10,0,12,11,11,11,15,8,12,4,11,0,24,0,0,0,14,8,10,6]} 1. e4 e5 2. Nf3 Nf6 3. Nxe5 d6 4. Nf3 Nxe4 5. Nc3 Nxc3 6. dxc3 Be7 7. Be3 Nd7 8. Qd2 {C42: Petroff Defence: 3 Nxe5 and unusual White 3rd moves} O-O 9. O-O-O c6 10. Bd3 {LiveBook: 7 Games} (10. h4 Re8 11. Bd3 d5 12. Kb1 Bc5 13. Bd4 Bxd4 14. cxd4 Nf6 15. Rde1 Ne4 {½-½ (34) Karjakin,S (2782)-Giri,A (2782) Leuven 2018}) 10... Qa5 11. Kb1 Nb6 $146 ({Predecessor:} 11... Ne5 12. Nxe5 dxe5 13. Bc4 Bg4 14. f3 Rad8 15. Qe2 Bc8 16. Rxd8 Rxd8 {0-1 (57) Vetoshko,V (2438)-Mastrovasilis,D (2603) Vienna 2016}) 12. Nd4 ({White should play} 12. a3 $14) 12... Bf6 ({Black should try} 12... c5 $15 13. Nf5 Bxf5 14. Bxf5 d5) 13. h4 Qd5 14. Bg5 (14. Qe2 $16) 14... Bxd4 $11 15. cxd4 Bf5 16. Bxf5 Qxf5 17. Qf4 Qxf4 18. Bxf4 Rad8 19. Bd2 Rfe8 20. Rhe1 f6 21. Ba5 Kf7 22. d5 Re5 (22... cxd5 {seems wilder.} 23. Rxe8 Rxe8 24. Bxb6 axb6 25. Kc1 Re5) 23. f4 Rf5 (23... Rxe1 {is interesting.} 24. Rxe1 cxd5 25. f5 g6 26. Bxb6 axb6 27. fxg6+ hxg6 28. g3 f5) 24. g3 Rd7 25. Bxb6 axb6 {[%mdl 4096] Endgame KRR-KRR} 26. c4 g5 27. hxg5 fxg5 28. fxg5 Rxg5 29. Re3 Rg4 30. Rb3 Rxc4 {The position is equal.} 31. Rxb6 cxd5 32. Rxd5 Ke7 33. Rb3 {Precision: White = 29%, Black = 42%.} 1/2-1/2

[Event "WEM-IMT 2018"]
[Site "Illertissen"]
[Date "2018.09.01"]
[Round "8"]
[White "Hirneise, Jens"]
[Black "Pikula, Dejan"]
[Result "0-1"]
[WhiteElo "2344"]
[BlackElo "2466"]
[Annotator "TA"]
[PlyCount "80"]
[EventDate "2018.08.25"]
[EventType "tourn"]
[EventCountry "GER"]
[SourceTitle "playchess.com"]
[Source "ChessBase"]
[SourceQuality "1"]

{[%evp 30,80,33,33,39,32,58,0,16,29,85,86,95,13,19,22,13,14,17,0,0,-135,77,21,26,0,16,-29,0,0,0,-117,-112,-124,0,0,0,-411,-403,-384,-381,-319,-257,-1306,-1256,-1317,-1287,-1168,-1054,-1171,-833,-729,-652]} 1. e4 c5 2. Nf3 d6 3. d4 cxd4 4. Nxd4 Nf6 5. Nc3 g6 6. Be3 Bg7 7. f3 O-O 8. Qd2 Nc6 9. Bc4 Bd7 10. O-O-O Rb8 11. Bb3 Na5 12. Bh6 {B77: Sizilianisch (Moderne Drachen-Variante)} (12. h4 b5 13. h5 Nc4 14. Bxc4 bxc4 15. hxg6 fxg6 16. Bh6 Qb6 17. b3 Bxh6 18. Qxh6 Qa5 19. Kb2 Rfc8 20. Nd5 cxb3 21. axb3 Kf7 22. Qd2 Qxd2 23. Rxd2 {½-½ (46) Fedoseev,V (2724)-Nakamura,H (2787) Moscow 2018}) 12... Bxh6 13. Qxh6 b5 {[%cal Bb7b5,Bb5b4][%mdl 32]} 14. g4 b4 15. Nd5 Nxb3+ 16. Nxb3 {LiveBook: 32 Partien} Nxd5 17. exd5 e5 18. h4 ({Günstiger ist} 18. dxe6 $1 $14 Bxe6 19. h4) 18... f6 19. Nd2 Rb6 (19... Bc8 $11) 20. Ne4 $146 Ra6 21. g5 ({Lieber} 21. Kb1 $1 $16) 21... Rxa2 $11 22. Nxf6+ ({Nur nicht} 22. Kb1 $2 Qa5 $19) 22... Rxf6 23. gxf6 Qxf6 24. Qg5 Qf8 {Weiss muss nun ...Dc8 beachten.} 25. Qe3 (25. Kb1 $11 {bleibt in der Remisbreite.} Ra6 26. h5) 25... Ra1+ $2 (25... Qc8 $1 $17 {zielt auf ...La4 ab.} 26. Qb3 Ba4 $3 {[%mdl 512]}) 26. Kd2 Ra5 27. Ke1 Rc5 28. Rd2 Bf5 29. h5 Bxc2 30. Rxc2 (30. Rg2 $11) 30... Rxc2 $17 31. hxg6 {[#]} hxg6 $11 {[%mdl 4096] Endspiel KDT-KDT} ({Besser ist} 31... Qc8 $1 $17 {Und weiter mit ...Tc1+ wäre nett.} 32. gxh7+ Kh8) 32. Qg5 $1 {[%cal Rg5g6]} Kg7 ({Schlechter ist} 32... Rxb2 33. Qxg6+ Qg7 34. Qe8+ Qf8 35. Rg1+ Kh7 36. Qg6+ Kh8 37. Qh5+ Qh6 38. Qxh6#) 33. Rh6 $2 {[%mdl 8192]} (33. Qh6+ $1 $11 {und Weiss steht sicher.} Kf7 34. Qh3) 33... Qf5 $19 34. Qxf5 gxf5 35. Rxd6 Rxb2 {KT-KT} 36. Re6 $2 (36. Ra6) 36... b3 {Schwarz steht klar auf Gewinn.} 37. Kd1 Rf2 38. Kc1 Rxf3 39. Rxe5 Kf6 40. Re6+ Kg5 {Precision: Weiß = 39%, Schwarz = 50%.} 0-1

[Event "WEM-IMT 2018"]
[Site "Illertissen"]
[Date "2018.09.01"]
[Round "8"]
[White "Kabisch, Thilo"]
[Black "Ochsner, Bjorn Moller"]
[Result "0-1"]
[WhiteElo "2314"]
[BlackElo "2462"]
[Annotator "TA"]
[PlyCount "82"]
[EventDate "2018.08.25"]
[EventType "tourn"]
[EventCountry "GER"]
[SourceTitle "playchess.com"]
[Source "ChessBase"]
[SourceQuality "1"]

{[%evp 18,82,-19,-9,-2,-10,-11,-50,-46,-48,-46,-48,-48,-91,-99,-90,-97,-117,-41,-82,-81,-82,-58,-95,-63,-85,-80,-95,-76,-91,-97,-99,-99,-231,-242,-239,-214,-802,304,-790,-789,-739,-597,-581,-387,-596,-579,-556,-546,-908,-535,-717,-714,-687,-602,-679,-673,-1960,-1902,-1529,-1379,-29972,-29972,-12845,-6211,-5181,-5106]} 1. e4 {ChessBase} c5 2. Nf3 d6 3. d4 cxd4 4. Nxd4 Nf6 5. Nc3 Nc6 6. Bc4 e6 7. a3 Be7 8. Ba2 O-O 9. O-O Bd7 10. Be3 {LiveBook: 3 Games} Nxd4 {B88: Sicilian: Sozin Attack} 11. Bxd4 Bc6 12. Qe2 (12. Qd3 d5 13. e5 Ne4 14. Rad1 Nxc3 15. Qxc3 Rc8 16. Qh3 Ba4 17. Rd2 Bb5 18. Re1 {½-½ (52) Movsesian,S (2663)-Stefansson,H (2569) Reykjavik 2003 CBM 094 [Movsesian,S]}) 12... e5 {Black is slightly better.} 13. Be3 Nxe4 14. Nxe4 $146 ({Predecessor:} 14. Nd5 Nf6 15. Rad1 Nxd5 16. Bxd5 Qa5 17. Qf3 Rac8 18. Rd2 Kh8 19. Qd1 a6 20. c3 Qb5 21. a4 Qa5 22. Qb3 Bxd5 {½-½ (22) Eales,R-Williams,A Cambridge 1971 EXT 1999 [ChessBase]}) 14... Bxe4 15. Bxa7 Bxg2 ({Much worse is} 15... Rxa7 $6 16. Qxe4 b5 17. Bb3 $11) 16. Kxg2 {aiming for Be3.} Rxa7 17. Rad1 Qb6 (17... Ra4 $17 18. c4 Bg5) 18. c3 Ra4 {[%cal Ba7a4,Ba4f4,Bf4h4][%mdl 32]} 19. Rd5 Qc6 20. f3 Rfa8 21. Rfd1 Rf4 22. Qd3 Qc8 {...e4! is the strong threat.} 23. Re1 Rh4 24. Kh1 Raa4 $36 {[%mdl 2048] Black is on the roll.} 25. Rb5 (25. Qd1 $17) 25... Qh3 $19 {[%csl Gh4][%cal Rh3h2]} 26. Qe2 Qg3 $1 {Threatens to win with ...Rxh2+.} 27. Rf1 $2 {[#]} (27. c4 Rxh2+ 28. Qxh2 Qxe1+ 29. Qg1 Qh4+ 30. Qh2) 27... Rxh2+ $1 {[%mdl 512]} 28. Qxh2 Rh4 29. Qxh4 Bxh4 30. Rxb7 {Rb8+ would kill now.} Qh3+ 31. Kg1 {White wants to mate with Rb8+.} h5 {[%cal Bh7h5,Bh5h4,Bh4h3][%mdl 32]} 32. Bxf7+ Kh7 {Hoping for ...Bg5.} 33. Bd5 Bg3 {[%csl Gg3][%cal Rh3h2]} 34. Be4+ Kh6 {[%csl Gg3][%cal Rh3h2]} 35. Rf2 Bxf2+ 36. Kxf2 {[%mdl 4096] Endgame KQ-KRB} h4 37. Rb6 Qh2+ 38. Kf1 h3 {( -> ...Qg2+)} 39. Rxd6+ {[#]} Kg5 $1 40. Ke1 Kf4 41. Kd1 Qxb2 {Precision: White = 38%, Black = 75%.} 0-1